| 000 | 00586nam a2200193Ia 4500 | ||
|---|---|---|---|
| 003 | LDD | ||
| 008 | 181029s9999 xx 000 0 und d | ||
| 020 |
_a9780761959854 _c500.00 |
||
| 040 | _cLDD | ||
| 100 | _aRansome, Paul | ||
| 245 | 0 |
_aWork, Consumption and Culture _baffluence and social change in the 21st century _cPaul Ransome |
|
| 260 |
_aLondon _bSage _c2006 |
||
| 300 | _aix, 213p. | ||
| 365 | _b500.00 | ||
| 901 |
_a9831 _b01-01-2013 |
||
| 902 |
_aIN1259 _b04-01-2013 _cF _dSELECT _eNMS |
||
| 903 |
_aDiscount-15 _bReqst by : Shbhash Dhuliya |
||
| 942 |
_2ddc _cBK |
||
| 999 |
_c105556 _d105556 |
||